| 000 | 01224nam a22002177a 4500 | ||
|---|---|---|---|
| 999 |
_c57203 _d57203 |
||
| 003 | Ge_BSU | ||
| 005 | 20200115143427.0 | ||
| 008 | 200115s2019 ||||| |||| 00| 0 geo d | ||
| 020 | _a9789941266098 | ||
| 041 | _ageo | ||
| 080 | _a338+63+796.5 ა-16 | ||
| 100 |
_aაბესაძე, თეიმურაზ. _96124 |
||
| 245 |
_aაჭარის სოფლად ტურიზმის ბიზნესის საქონლისა და მომსახურების ბაზრები : _bსასწავლო - მეთოდური სახელმძღვანელო / _cთეიმურაზ აბესაძე ; სალომე ბესტაევა ; რედ. როსტომ ბერიძე. |
||
| 264 |
_aბათუმი : _bუნივერსალი, _c2019. |
||
| 300 |
_a82 გვ.: _bცხრ.; _c25 სმ. |
||
| 546 | _aდანართები რუსულ და ინგლისურ ენაზე. | ||
| 653 | _aტურიზმი | ||
| 700 |
_aბესტაევა, სალომე _96128 |
||
| 700 |
_aბერიძე, როსტომ _eრედაქტორი _91686 |
||
| 942 |
_2udc _cBK |
||